Flags of Countries That Border an Unknown County #4 - Statistics

General Stats
  • This quiz has been taken 79 times
  • The average score is 6 of 6
Answer Stats
Flag Country % Correct
Greece
99%
Turkey
99%
North Macedonia
97%
Romania
97%
Serbia
97%
Bulgaria
89%
No matching quizzes found
Score Distribution
Percent of People with Each Score
Percentile by Number Answered
Your Score History
You have not taken this quiz